| 000 | 00975nam a2200265 i 4500 | ||
|---|---|---|---|
| 001 | bg | ||
| 245 | 0 | 0 |
_aInteligentny system prognozowania : _bzasady funkcjonowania, zastosowania : praca monograficzna / _cpod red. Leszka Kiełtyki ; [aut. Janusz Dubicki et al.] ; Politechnika Częstochowska. |
| 260 |
_aCzęstochowa : _bWydaw. PC, _c2000. |
||
| 300 |
_a99 s., [16] k. tabl. kolor. : _bil. ; _c24 cm. |
||
| 504 | _aBibliogr. | ||
| 650 | 9 |
_aAlgorytmy genetyczne _xstosowanie _xgospodarka |
|
| 650 | 9 |
_aSieci neuronowe _xstosowanie _xgospodarka |
|
| 650 | 9 |
_aSystemy ekspertowe _xstosowanie _xgospodarka |
|
| 655 | _aPodręczniki akademickie | ||
| 700 | 1 |
_aKIEŁTYKA, Leszek _d(1953- ). _eRed. |
|
| 700 | 1 | _aDubicki, Janusz | |
| 710 | 0 | _aPolitechnika Częstochowska | |
| 020 | _a8371931093 | ||
| 040 | _cBPK | ||
| 041 | 0 | _apl | |
| 080 | _a004.891:004.032.26:004.421:33](075.8) | ||
| 920 | _a83-7193-109-3 | ||
| 942 | _cKS | ||
| 008 | s pl f |000 0 pol | ||
| 999 |
_c39304 _d39304 |
||
| 856 |
_uhttp://koha.tu.koszalin.pl/cgi-bin/koha/opac-detail.pl?biblionumber=39304 _yKatalog online BPK |
||